| 000 | 00630nam a2200205 a 4500 | ||
|---|---|---|---|
| 008 | |||
| 020 | _a0877352089 (pbk.) | ||
| 049 | _aMAIN | ||
| 090 | _aQD257 | ||
| 100 | 1 | _aWalker, Ruth A. | |
| 245 | 1 | 0 |
_aOrganic chemistry; how to solve it: _bthe geometry of molecules/ _cRuth A. Walker. |
| 260 |
_aSan Francisco, Calif. : _bFreeman, Cooper, _c1972 |
||
| 300 |
_a251 p. : _bill. ; _c26 cm. |
||
| 650 | 0 |
_aChemistry, Organic _xProblems, exercises, etc. |
|
| 907 |
_a.b10048984 _b30-03-04 _c17-04-03 |
||
| 003 | |||
| 005 | 20230123133221.0 | ||
| 040 | _cNUST | ||
| 942 |
_cBOOKS _kQD257 |
||
| 999 |
_c144775 _d144775 |
||